000 00282nam a22001337a 4500
008 170324b xxu||||| |||| 00| 0 eng d
020 _a9780132391085
041 _aeng
080 _a615.83
100 _a8
101 _aSHM
245 _aROBINS JUDGE
_cTIMOTHY.A
942 _2udc
_cBK
999 _c8557
_d8557